Un enfant, à quel prix ? (notice n° 1667276)
[ vue normale ]
| 000 -LEADER | |
|---|---|
| fixed length control field | 01068cam a2200229 4500500 |
| 005 - DATE AND TIME OF LATEST TRANSACTION | |
| control field | 20260222003230.0 |
| 041 ## - LANGUAGE CODE | |
| Language code of text/sound track or separate title | fre |
| 042 ## - AUTHENTICATION CODE | |
| Authentication code | dc |
| 100 10 - MAIN ENTRY--PERSONAL NAME | |
| Personal name | Jordana, Huguette |
| Relator term | author |
| 245 00 - TITLE STATEMENT | |
| Title | Un enfant, à quel prix ? |
| 260 ## - PUBLICATION, DISTRIBUTION, ETC. | |
| Date of publication, distribution, etc. | 2011.<br/> |
| 500 ## - GENERAL NOTE | |
| General note | 72 |
| 520 ## - SUMMARY, ETC. | |
| Summary, etc. | RésuméLa gratuité du don et l’anonymat sont les deux valeurs éthiques qui encadrent, en France, tout don de produits humains. Dans le domaine de l’aide médicale à la procréation, ces valeurs fondatrices des cecos ont un impact psychique et social sur l’accès à la parentalité. Quelle est la place du don et de la dette dans la filiation ? Comment peut-on contester l’anonymat pour le don de gamètes sans s’interroger sur l’effet de sa gratuité ? |
| 690 ## - LOCAL SUBJECT ADDED ENTRY--TOPICAL TERM (OCLC, RLIN) | |
| Topical term or geographic name as entry element | aide médicale |
| 690 ## - LOCAL SUBJECT ADDED ENTRY--TOPICAL TERM (OCLC, RLIN) | |
| Topical term or geographic name as entry element | anonymat |
| 690 ## - LOCAL SUBJECT ADDED ENTRY--TOPICAL TERM (OCLC, RLIN) | |
| Topical term or geographic name as entry element | don |
| 690 ## - LOCAL SUBJECT ADDED ENTRY--TOPICAL TERM (OCLC, RLIN) | |
| Topical term or geographic name as entry element | gratuité |
| 690 ## - LOCAL SUBJECT ADDED ENTRY--TOPICAL TERM (OCLC, RLIN) | |
| Topical term or geographic name as entry element | parentalité |
| 690 ## - LOCAL SUBJECT ADDED ENTRY--TOPICAL TERM (OCLC, RLIN) | |
| Topical term or geographic name as entry element | procréation |
| 786 0# - DATA SOURCE ENTRY | |
| Note | Empan | 82 | 2 | 2011-06-26 | p. 34-40 | 1152-3336 |
| 856 41 - ELECTRONIC LOCATION AND ACCESS | |
| Uniform Resource Identifier | <a href="https://shs.cairn.info/revue-empan-2011-2-page-34?lang=fr&redirect-ssocas=7080">https://shs.cairn.info/revue-empan-2011-2-page-34?lang=fr&redirect-ssocas=7080</a> |
Pas d'exemplaire disponible.




Réseaux sociaux